[Event "TCh-TUR 2014"]
[Site "Konya TUR"]
[Date "2014.06.23"]
[Round "1.1"]
[White "Fedorchuk, Sergey A."]
[Black "Galkin, Alexander"]
[Result "1/2-1/2"]
[WhiteTitle "GM"]
[BlackTitle "GM"]
[WhiteElo "2655"]
[BlackElo "2615"]
[WhiteTeam "Kayseri Seker Spor Kulubu"]
[BlackTeam "Pausa"]
[WhiteFideId "14102536"]
[BlackFideId "4120426"]
[EventDate "2014.06.23"]

1. e4 c6 2. Nc3 d5 3. Nf3 Bg4 4. h3 Bxf3 5. Qxf3 e6 6. d3 Nd7 7. Bd2 Bc5 8. Qg3
Bd4 9. O-O-O Qb6 10. Be3 Ne7 11. Bxd4 Qxd4 12. Kb1 O-O-O 13. Be2 g6 14. Rhe1 h5
15. h4 a6 16. a3 Rhe8 17. Bf1 Nc5 18. Qf4 Rf8 19. Ne2 Qg7 20. e5 Nd7 21. d4 f6
22. exf6 Rxf6 23. Qe3 Nf5 24. Qg5 e5 25. dxe5 Nxe5 26. Nd4 Nxd4 27. Qxe5 Nf5 28.
c4 Rfd6 29. Qxg7 Nxg7 30. cxd5 Rxd5 31. Rxd5 Rxd5 32. g3 Kd7 33. Kc2 a5 34. Bd3
Nf5 35. Bc4 Rd6 36. Kc3 Rf6 37. Bd3 Ne7 38. Re2 Kd6 39. Be4 b5 40. Kd3 a4 1/2-1/2

[Event "TCh-TUR 2014"]
[Site "Konya TUR"]
[Date "2014.06.23"]
[Round "1.1"]
[White "Kanmazalp, Ogulcan"]
[Black "Okus, Melih"]
[Result "1-0"]
[WhiteTitle "IM"]
[WhiteElo "2441"]
[BlackElo "1992"]
[WhiteTeam "Kayseri Seker Spor Kulubu"]
[BlackTeam "Pausa"]
[WhiteFideId "6304990"]
[BlackFideId "6305407"]
[EventDate "2014.06.23"]

1. e4 c5 2. Nf3 Nc6 3. c3 d6 4. d4 Nf6 5. d5 Nb8 6. Bd3 g6 7. h3 Bg7 8. c4 b5 9.
cxb5 a6 10. Nc3 O-O 11. O-O axb5 12. Bxb5 Qa5 13. Nd2 Ba6 14. Nc4 Qc7 15. Qe2
Bxb5 16. Nxb5 Qb7 17. a4 Nbd7 18. Bd2 Nb6 19. Nxb6 Qxb6 20. Bc3 Rfb8 21. Kh2 Ne8
22. f4 Nc7 23. Nxc7 Qxc7 24. e5 Qd7 25. e6 fxe6 26. dxe6 Qc6 27. f5 Bxc3 28.
bxc3 Rf8 29. fxg6 hxg6 30. Qg4 Kg7 31. c4 Rf6 32. a5 Qc8 33. Rxf6 exf6 34. Qe4
f5 35. Qd5 Kf6 36. e7 Kxe7 37. Re1+ Kf6 38. Qxd6+ Kg5 39. Qe7+ 1-0

[Event "TCh-TUR 2014"]
[Site "Konya TUR"]
[Date "2014.06.23"]
[Round "1.1"]
[White "Ozen, Ali"]
[Black "Erdogdu, Mert"]
[Result "0-1"]
[BlackTitle "IM"]
[WhiteElo "1719"]
[BlackElo "2423"]
[WhiteTeam "Pausa"]
[BlackTeam "Kayseri Seker Spor Kulubu"]
[WhiteFideId "6307132"]
[BlackFideId "6301495"]
[EventDate "2014.06.23"]

1. e4 c5 2. Nf3 d6 3. Bb5+ Nc6 4. d4 cxd4 5. Qxd4 Bd7 6. Bxc6 Bxc6 7. c4 Nf6 8.
Nc3 g6 9. O-O Bg7 10. Re1 O-O 11. Qd3 Rc8 12. Bd2 Nd7 13. Rac1 Nc5 14. Qb1 a5
15. Be3 Bxc3 16. Rxc3 Nxe4 17. Ra3 f5 18. Ng5 Qd7 19. f3 Nxg5 20. Bxg5 e5 21.
Rxa5 e4 22. b4 b6 23. Ra6 Rfe8 24. b5 Bb7 25. Rxb6 exf3 26. gxf3 Bxf3 27. Rxe8+
Qxe8 28. Qf1 Qe4 29. Kf2 Rxc4 30. Rxd6 Rc2+ 31. Rd2 Bg4 32. Rxc2 Qxc2+ 33. Ke3
Qc5+ 34. Kd2 Qb4+ 35. Kc2 Qa4+ 36. Kb2 Qb4+ 37. Kc2 Qa4+ 38. Kb2 Qd4+ 39. Kb3
Bd1+ 40. Ka3 Qc3# 0-1

[Event "TCh-TUR 2014"]
[Site "Konya TUR"]
[Date "2014.06.23"]
[Round "1.1"]
[White "Atalik, Ekaterina"]
[Black "Khurtsilava, Inga"]
[Result "0-1"]
[WhiteTitle "IM"]
[BlackTitle "WGM"]
[WhiteElo "2433"]
[BlackElo "2233"]
[WhiteTeam "Kayseri Seker Spor Kulubu"]
[BlackTeam "Pausa"]
[WhiteFideId "4130189"]
[BlackFideId "13600419"]
[EventDate "2014.06.23"]

1. d4 Nf6 2. c4 e6 3. Nc3 d5 4. cxd5 exd5 5. Bg5 c6 6. Qc2 h6 7. Bh4 Bd6 8. e3
g5 9. Bg3 Bxg3 10. hxg3 Bg4 11. Bd3 Qe7 12. Nge2 Bxe2 13. Qxe2 Nbd7 14. Bf5 Ne4
15. Bxe4 dxe4 16. Qg4 Nf6 17. Qf5 Kf8 18. O-O-O Kg7 19. d5 cxd5 20. Nxd5 Nxd5
21. Rxd5 Rhd8 22. Kb1 Rxd5 23. Qxd5 Rd8 24. Qa5 Qd6 25. Qc3+ Kg6 26. Rc1 f6 27.
b3 h5 28. Kb2 b5 29. a3 Kf5 30. Qc5+ Qe5+ 31. Qxe5+ Kxe5 32. Rc5+ Rd5 33. Rxd5+
Kxd5 34. Kc3 a5 35. a4 b4+ 36. Kd2 Ke5 37. Ke2 Kf5 38. f3 Ke5 39. fxe4 Kxe4 40.
Kd2 f5 41. Ke2 h4 0-1

[Event "TCh-TUR 2014"]
[Site "Konya TUR"]
[Date "2014.06.23"]
[Round "1.1"]
[White "Ersoz, Bartu"]
[Black "Aksakal, Boran"]
[Result "1-0"]
[WhiteElo "1918"]
[BlackElo "1622"]
[WhiteTeam "Pausa"]
[BlackTeam "Kayseri Seker Spor Kulubu"]
[WhiteFideId "6324312"]
[BlackFideId "6366511"]
[EventDate "2014.06.23"]

1. e4 c6 2. d4 d5 3. exd5 cxd5 4. c3 Nf6 5. Bd3 e6 6. Nf3 Bd6 7. O-O O-O 8. Nbd2
Qc7 9. Re1 Nbd7 10. Qe2 a6 11. Ne5 b5 12. a3 Bb7 13. f4 Rac8 14. Qf2 Qb6 15. Qh4
h6 16. Re3 Bxe5 17. fxe5 Ne4 18. Nxe4 dxe4 19. Bxe4 Bxe4 20. Qxe4 f5 21. exf6
Rxf6 22. Re1 Rcf8 23. Be3 Qd6 24. Qg4 Nb6 25. Qg3 Qxg3 26. hxg3 Nc4 27. b3 Na5
28. a4 Nxb3 29. Ra3 Na5 30. axb5 Nc4 31. Rxa6 Nxe3 32. Rxe3 Rf1+ 33. Kh2 R8f5
34. g4 Rxb5 35. Raxe6 Rg5 36. Re1 Rf2 37. R1e2 Rf1 38. R2e4 Rc1 39. Rc6 h5 40.
Kg3 Rc2 41. Kh4 Ra5 42. gxh5 Rxg2 43. Rg4 Rh2+ 44. Kg3 Raa2 45. Kf3 Rae2 46. h6
Rhf2+ 47. Kg3 Rg2+ 48. Kh4 Rh2+ 49. Kg5 Re7 50. hxg7 Ra2 51. c4 Ra1 52. Kf6 Rf7+
53. Ke6 Re1+ 54. Kd6 Rf6+ 55. Kc5 Rf5+ 56. d5 Re8 57. Rh6 Rc8+ 58. Kd4 Kf7 59.
Rh8 Rg8 60. Rxg8 Kxg8 61. d6 Rf7 62. c5 Rd7 63. Kd5 Rd8 64. c6 Ra8 65. d7 1-0

[Event "TCh-TUR 2014"]
[Site "Konya TUR"]
[Date "2014.06.23"]
[Round "1.1"]
[White "Yazici, Ugur Doga"]
[Black "Ozen, Batuhan"]
[Result "1/2-1/2"]
[WhiteElo "1693"]
[BlackElo "1691"]
[WhiteTeam "Kayseri Seker Spor Kulubu"]
[BlackTeam "Pausa"]
[WhiteFideId "6363342"]
[BlackFideId "6345123"]
[EventDate "2014.06.23"]

1. e4 c5 2. Nf3 Nc6 3. Bb5 g6 4. Bxc6 dxc6 5. O-O Bg7 6. d3 e5 7. Nbd2 Bg4 8. h3
Bxf3 9. Nxf3 Qe7 10. Bg5 Nf6 11. Qd2 O-O 12. Rfe1 Rfe8 13. a4 Qd6 14. Qc3 Nd7
15. Be3 a5 16. Qb3 b6 17. Nd2 Qc7 18. Nc4 Rab8 19. Rf1 Rf8 20. f4 Bh6 21. f5
Bxe3+ 22. Nxe3 Kg7 23. Qc3 Qd6 24. Qd2 Nf6 25. Qf2 Qd4 26. Nc4 Nd7 27. Kh2 Qxf2
28. Rxf2 f6 29. Raf1 g5 30. h4 h6 31. g4 Ra8 32. Kg3 Rfb8 33. hxg5 hxg5 34. b3
b5 35. Nb2 Nb6 36. Rh2 Rh8 37. Rfh1 Rxh2 38. Rxh2 Rd8 39. Rh1 Rd4 40. Ra1 b4 41.
Kf3 Rd8 42. Rh1 Rh8 43. Rh5 Rd8 44. Ke3 Rd7 45. Rh1 Rd8 46. Nd1 Rh8 47. Rg1 Rh3+
48. Ke2 Rh2+ 49. Nf2 Nc8 50. Kf3 Nd6 51. Rc1 Nb7 52. Kg3 Rh8 53. Nd1 Rh1 54. Kg2
Re1 55. Kf2 Rh1 56. Ke2 Rg1 57. Kf3 Rf1+ 58. Kg2 Re1 1/2-1/2

[Event "TCh-TUR 2014"]
[Site "Konya TUR"]
[Date "2014.06.23"]
[Round "1.1"]
[White "Dursun, Poyraz"]
[Black "Aksoy, Ayca"]
[Result "1-0"]
[WhiteElo "1421"]
[BlackElo "1771"]
[WhiteTeam "Pausa"]
[BlackTeam "Kayseri Seker Spor Kulubu"]
[WhiteFideId "6382304"]
[BlackFideId "6355978"]
[EventDate "2014.06.23"]

1. e4 c5 2. c3 d5 3. exd5 Qxd5 4. d4 g6 5. Nf3 Bg7 6. Na3 cxd4 7. Bc4 Qe4+ 8.
Be3 Nh6 9. Nb5 Na6 10. Nbxd4 O-O 11. O-O Nf5 12. Re1 e5 13. Bh6 Qg4 14. Bxg7
Kxg7 15. Nxe5 Qh4 16. Nef3 Qf4 17. Nxf5+ Qxf5 18. Qd4+ Kg8 19. Re5 Qf6 20. Re8
Qxd4 21. Rxf8+ Kxf8 22. Nxd4 Nc5 23. Re1 Bd7 24. Bb5 Bxb5 25. Nxb5 Nd3 26. Rb1
Re8 27. Kf1 Re5 28. c4 Ke7 29. b3 a6 30. Nc3 Nb4 31. Re1 Kd6 32. Rxe5 Kxe5 33.
Ke2 Kd4 34. Kd2 f5 35. a3 Nd3 36. Ne2+ Ke4 37. f3+ 1-0

[Event "TCh-TUR 2014"]
[Site "Konya TUR"]
[Date "2014.06.23"]
[Round "1.2"]
[White "Kose, Serkan"]
[Black "Iordachescu, Viorel"]
[Result "0-1"]
[BlackTitle "GM"]
[WhiteElo "2091"]
[BlackElo "2587"]
[WhiteTeam "Antalya Deniz Genclik Spor Kulubu"]
[BlackTeam "Denizli Pamukkale Universitesi"]
[WhiteFideId "6301584"]
[BlackFideId "13900200"]
[EventDate "2014.06.23"]

1. e4 g6 2. Nf3 Bg7 3. d4 d6 4. Bc4 Nf6 5. Nc3 c6 6. O-O d5 7. exd5 cxd5 8. Bb5+
Bd7 9. Re1 Bxb5 10. Nxb5 O-O 11. Bf4 Nc6 12. c3 Nh5 13. Bc1 a6 14. Na3 Qc7 15.
Nc2 e6 16. Ne3 Nf6 17. g3 b5 18. Ng2 b4 19. Bf4 Qb6 20. Bd6 Rfc8 21. Bc5 Qb8 22.
cxb4 Nxb4 23. Ne5 Nc6 24. Nxc6 Rxc6 25. b4 Ne4 26. Rb1 Nc3 27. Qc2 Nxb1 28. Rxb1
Bxd4 29. Nf4 Bxc5 30. bxc5 Qc7 31. Nd3 e5 32. Qb2 Re8 33. Re1 e4 34. Qd4 a5 35.
Qxd5 Rce6 36. Nf4 Re5 37. Qd2 Qxc5 38. Re3 Qc6 39. h4 Rc5 40. Kg2 h6 41. a3 a4
42. Qd4 Rc4 43. Qd2 Rc5 44. Qd4 Qb5 45. Re2 e3 46. Rxe3 Rxe3 47. Qxe3 Qc6+ 48.
Kh2 Rc2 49. Qd4 Qf3 50. Nh3 0-1

[Event "TCh-TUR 2014"]
[Site "Konya TUR"]
[Date "2014.06.23"]
[Round "1.2"]
[White "Eminov, Orkhan"]
[Black "Guner, Bulent"]
[Result "1-0"]
[WhiteElo "2254"]
[BlackElo "2105"]
[WhiteTeam "Denizli Pamukkale Universitesi"]
[BlackTeam "Antalya Deniz Genclik Spor Kulubu"]
[WhiteFideId "13402153"]
[BlackFideId "6300553"]
[EventDate "2014.06.23"]

1. e4 e5 2. Nc3 Nc6 3. Nf3 Nf6 4. Bb5 d6 5. d4 Bd7 6. O-O Be7 7. Re1 exd4 8.
Nxd4 O-O 9. Bxc6 bxc6 10. Qf3 c5 11. Nf5 Bxf5 12. Qxf5 Qd7 13. Nd5 Rad8 14.
Nxe7+ Qxe7 15. Bg5 Rfe8 16. Rad1 Qe5 17. Qxe5 Rxe5 18. f4 Ree8 19. Bxf6 gxf6 20.
Kf2 Rb8 21. b3 a5 22. e5 fxe5 23. fxe5 dxe5 24. Rd5 c4 25. Rxa5 cxb3 26. cxb3 e4
27. Ra4 f5 28. Ke3 Rbd8 29. Re2 Rd1 30. Rc4 Re7 31. Rec2 Rdd7 32. Rc5 Rd3+ 33.
Ke2 Rg7 34. g3 f4 35. gxf4 Rh3 36. Rxc7 Rxc7 37. Rxc7 Rxh2+ 38. Ke3 Rxa2 39.
Kxe4 Rb2 40. Rb7 h5 41. Kf3 h4 42. Kg4 Rf2 43. Rb4 Kf7 44. Kxh4 Rg2 45. Rb6 Rg1
46. b4 Rg2 47. b5 Ke7 48. f5 Rg1 49. f6+ Kf7 50. Rc6 Rb1 51. b6 Kg6 52. Kg4 Kf7
53. Kf5 Rb5+ 54. Ke4 Ke8 55. Rd6 Kf7 56. Kd4 Ke8 57. Kc4 Rb1 58. Kc5 Rc1+ 59.
Kb5 Rb1+ 60. Kc6 Rc1+ 61. Kb7 Rb1 62. Kc7 1-0

[Event "TCh-TUR 2014"]
[Site "Konya TUR"]
[Date "2014.06.23"]
[Round "1.2"]
[White "Yasin, Hur"]
[Black "Polatel, Ali"]
[Result "0-1"]
[WhiteElo "2123"]
[BlackElo "2177"]
[WhiteTeam "Antalya Deniz Genclik Spor Kulubu"]
[BlackTeam "Denizli Pamukkale Universitesi"]
[WhiteFideId "6300170"]
[BlackFideId "6303196"]
[EventDate "2014.06.23"]

1. e4 c6 2. d4 d5 3. Nc3 dxe4 4. Nxe4 Nd7 5. Bd3 Ngf6 6. Ng5 e6 7. Qe2 Bd6 8.
N1f3 h6 9. Ne4 Nxe4 10. Qxe4 Qc7 11. Bd2 b6 12. O-O-O Bb7 13. Qg4 g5 14. Bg6 Nf8
15. Bh5 O-O-O 16. Ne5 Rh7 17. f4 Rg7 18. f5 Kb8 19. f6 Rh7 20. Nc4 Nd7 21. Nxd6
Qxd6 22. Rhf1 Qxh2 23. Be1 Kc8 24. Bg3 Qxg2 25. c4 c5 26. d5 exd5 27. cxd5 Bxd5
28. Rf2 Qe4 29. Re2 Qxg4 30. Bxg4 Be6 31. Rxe6 fxe6 32. Bxe6 Rf8 33. Bf5 Rff7
34. Bd6 h5 35. Bxh7 Rxh7 36. Rf1 Rf7 37. Be7 g4 38. Kd2 h4 39. Rf5 h3 40. Ke3 g3
41. Rh5 g2 42. Rh8+ Kb7 43. Kf2 Nxf6 44. Rf8 Ne4+ 45. Kg1 Rxe7 46. Kh2 Rg7 0-1

[Event "TCh-TUR 2014"]
[Site "Konya TUR"]
[Date "2014.06.23"]
[Round "1.2"]
[White "Ozturk, Emir"]
[Black "Ozmen, Halil Nejat"]
[Result "0-1"]
[WhiteElo "2170"]
[BlackElo "1928"]
[WhiteTeam "Denizli Pamukkale Universitesi"]
[BlackTeam "Antalya Deniz Genclik Spor Kulubu"]
[WhiteFideId "6302408"]
[BlackFideId "6301380"]
[EventDate "2014.06.23"]

1. d4 d5 2. Nf3 Nf6 3. c4 c6 4. Qc2 dxc4 5. e4 b5 6. b3 cxb3 7. axb3 e6 8. Bd2
Bb7 9. Ba5 Qc8 10. Bd3 Be7 11. O-O h6 12. Qe2 O-O 13. Nc3 Nbd7 14. Rac1 a6 15.
e5 Ne8 16. b4 Nc7 17. Bb1 Re8 18. d5 Nxd5 19. Nxd5 exd5 20. e6 Nf8 21. exf7+
Kxf7 22. Ne5+ Kg8 23. Qf3 Qe6 24. Bc7 Bxb4 25. Nd3 Bd6 26. Bb6 Qf7 27. Qh3 Bc8
28. Qh4 Bd7 29. f4 a5 30. Bd4 Be7 31. Qg3 Bf6 32. Ne5 Qe6 33. Kh1 Rac8 34. Rce1
Bxe5 35. fxe5 c5 36. Ba1 Qg4 37. Qd3 Qe6 38. Rxf8+ Kxf8 39. Qh7 Ke7 40. Qxg7+
Kd8 41. Qg3 Kc7 42. Rf1 Rf8 43. Rc1 Kb6 44. Bc3 b4 45. Bd2 d4 46. Bd3 c4 47. Be4
c3 48. Bf4 Bc6 49. Qf2 Qc4 50. Rd1 Rcd8 51. Bd3 Qd5 0-1

[Event "TCh-TUR 2014"]
[Site "Konya TUR"]
[Date "2014.06.23"]
[Round "1.2"]
[White "Kazimova, Narmin"]
[Black "Kashlinskaya, Alina"]
[Result "0-1"]
[WhiteTitle "WIM"]
[BlackTitle "WGM"]
[WhiteElo "2191"]
[BlackElo "2419"]
[WhiteTeam "Antalya Deniz Genclik Spor Kulubu"]
[BlackTeam "Denizli Pamukkale Universitesi"]
[WhiteFideId "13402951"]
[BlackFideId "4198026"]
[EventDate "2014.06.23"]

1. d4 Nf6 2. c4 g6 3. Nf3 Bg7 4. g3 O-O 5. Bg2 d6 6. O-O Nbd7 7. Nc3 e5 8. e4 a6
9. h3 b5 10. cxb5 axb5 11. b4 c5 12. dxc5 dxc5 13. bxc5 b4 14. Nd5 Nxe4 15. Nd2
Nexc5 16. Nxb4 Ba6 17. Nxa6 Rxa6 18. Ne4 Nxe4 19. Bxe4 Nc5 20. Qe2 Qd4 21. Bb7
Nxb7 22. Qxa6 Qxa1 23. Qxb7 Qxa2 24. Be3 Qe6 25. h4 Rd8 26. Qb6 Qd5 27. Rb1 h6
28. Qb7 Qd3 29. Rc1 e4 30. Rc8 Rxc8 31. Qxc8+ Kh7 32. Qc7 Qd5 33. Qe7 Qf5 34.
Kh2 Qf3 35. Kg1 h5 36. Kh2 Bh6 37. Bd4 Bg7 38. Be3 Qf5 39. Kg1 Be5 40. Qf8 Qf3
41. Kh2 Qf6 42. Qa8 Qxh4+ 43. Kg2 Qg4 44. Qe8 Qf3+ 45. Kh2 Qf6 46. Qa8 Qf5 47.
Qf8 Qf6 48. Qa8 Qe7 49. Kg2 Bf6 50. Qd5 Kg7 51. Bc5 Qe5 52. Qc6 h4 53. Qc8 Be7
54. Bxe7 Qxe7 55. gxh4 Qxh4 56. Qc3+ Qf6 57. Qc4 Qf3+ 58. Kg1 g5 59. Qd4+ Kg6
60. Qh8 Qd1+ 61. Kg2 Qf3+ 62. Kg1 e3 63. Qg8+ Kh5 64. fxe3 Qxe3+ 65. Kg2 Qe4+ 0-1

[Event "TCh-TUR 2014"]
[Site "Konya TUR"]
[Date "2014.06.23"]
[Round "1.2"]
[White "Komut, Kaan"]
[Black "Kabakli, Siar"]
[Result "1-0"]
[WhiteElo "1945"]
[BlackElo "1734"]
[WhiteTeam "Denizli Pamukkale Universitesi"]
[BlackTeam "Antalya Deniz Genclik Spor Kulubu"]
[WhiteFideId "6309992"]
[BlackFideId "6372120"]
[EventDate "2014.06.23"]

1. Nf3 Nf6 2. c4 e6 3. g3 b6 4. Bg2 Bb7 5. O-O Be7 6. d4 O-O 7. Nc3 d6 8. Re1
Nbd7 9. e4 c5 10. d5 exd5 11. exd5 Re8 12. Qc2 a6 13. a4 Qc7 14. Bd2 Bf8 15. Bh3
Rad8 16. Ng5 Bc8 17. Nxf7 Ne5 18. Nxe5 Bxh3 19. Nc6 Ra8 20. Bg5 Qf7 21. Bxf6
Qxf6 22. f4 Bf5 23. Qd2 Qg6 24. Rxe8 Rxe8 25. Re1 h5 26. Rxe8 Qxe8 27. Kf2 h4
28. Qe2 hxg3+ 29. hxg3 Qg6 30. Ne7+ Bxe7 31. Qxe7 Qh6 32. Qd8+ Kh7 33. Ke3 Qg6
34. Qh4+ Kg8 35. g4 Bxg4 36. Qd8+ Kf7 37. Ne4 Qh6 38. Ng5+ Kg6 39. Qe8+ Kf5 40.
Qe4+ Kf6 41. Qe8 Qg6 42. Qf8+ 1-0

[Event "TCh-TUR 2014"]
[Site "Konya TUR"]
[Date "2014.06.23"]
[Round "1.2"]
[White "Dalgar, Hakki Berat"]
[Black "Dogan, Mire Deniz"]
[Result "1/2-1/2"]
[WhiteElo "1687"]
[BlackElo "1825"]
[WhiteTeam "Antalya Deniz Genclik Spor Kulubu"]
[BlackTeam "Denizli Pamukkale Universitesi"]
[WhiteFideId "6347444"]
[BlackFideId "6317456"]
[EventDate "2014.06.23"]

1. d4 d5 2. Nf3 Nf6 3. e3 e6 4. Bd3 Nbd7 5. Nbd2 c5 6. c3 Bd6 7. O-O O-O 8. Re1
e5 9. e4 cxd4 10. cxd4 dxe4 11. Nxe4 Nxe4 12. Bxe4 exd4 13. Qxd4 Bc5 14. Qc3 Qb6
15. Be3 Bxe3 16. Rxe3 Nf6 17. Qd4 Qxd4 18. Nxd4 Rd8 19. Nb3 Nxe4 20. Rxe4 b6 21.
Rae1 Be6 22. Nd4 Bxa2 23. b3 a5 24. Ra1 Rxd4 25. Rxd4 Bxb3 26. Rd6 Rb8 27. Rc1
g6 28. Rcc6 b5 29. Ra6 a4 30. f3 b4 31. Rdb6 Rc8 32. Rxb4 Rc2 33. h4 Kg7 34. Kh2
h5 35. Kg3 Rd2 36. Re4 Rc2 37. Ra7 Rd2 38. Kh3 Rd3 39. Kg3 Rd2 40. Re3 Rd6 41.
Kh3 Rd1 42. g4 Kf6 43. Kg3 Rg1+ 44. Kf4 Rh1 45. g5+ Kg7 46. Ra8 Be6 47. Rd3
Rxh4+ 48. Kg3 Rh3+ 49. Kg2 h4 50. Rdd8 Rg3+ 51. Kf2 Rxg5 52. Rxa4 h3 53. Rh4 Kf6
54. Rdd4 Rg2+ 55. Kf1 g5 56. Rh8 Kg7 57. Rh5 f6 58. Re4 Bf7 59. Rxh3 Ra2 60. Rg3
Kg6 61. Rb4 Kf5 62. Rg2 Ra3 63. Rf2 Bd5 64. Kg2 Rd3 65. Kg3 Ke5 66. Re2+ Kf5 67.
Rf2 1/2-1/2

[Event "TCh-TUR 2014"]
[Site "Konya TUR"]
[Date "2014.06.23"]
[Round "1.2"]
[White "Ayan, Bengu Sena"]
[Black "Ustundag, Nefise Melis"]
[Result "1-0"]
[WhiteElo "1549"]
[BlackElo "1549"]
[WhiteTeam "Denizli Pamukkale Universitesi"]
[BlackTeam "Antalya Deniz Genclik Spor Kulubu"]
[WhiteFideId "6346120"]
[BlackFideId "6325637"]
[EventDate "2014.06.23"]

1. e4 e5 2. Nf3 Nc6 3. Bb5 a6 4. Ba4 b5 5. Bb3 d6 6. O-O Nf6 7. Ng5 d5 8. exd5
Nd4 9. d6 Nxb3 10. dxc7 Qxc7 11. axb3 Bc5 12. Nc3 O-O 13. Nxb5 Qb6 14. Nc3 Bb7
15. d3 Rfe8 16. Nge4 Nxe4 17. dxe4 Rad8 18. Qf3 Qc6 19. Be3 Bxe3 20. Qxe3 Rd4
21. Rfd1 Red8 22. Qe2 h6 23. Nd5 Qd6 24. Rxd4 exd4 25. Qd3 Bxd5 26. exd5 Qxd5
27. Rxa6 Re8 28. Ra1 Qe5 29. Rc1 Qf4 30. Rd1 Qg4 31. h3 Qe2 32. Qxe2 Rxe2 33.
Rc1 d3 34. cxd3 Rxb2 35. Rc3 Kf8 36. g3 Ke8 37. Kg2 Kd7 38. Kf3 Kd6 39. Ke3 g6
40. h4 f6 41. d4 f5 42. f3 Rg2 43. Kf4 Kd5 44. Rd3 Rg1 45. g4 fxg4 46. fxg4 Rf1+
47. Kg3 Re1 48. Rf3 Kxd4 49. Rf6 Re3+ 50. Kg2 Rxb3 51. Rxg6 Ke4 52. Rxh6 Rb2+
53. Kg3 Rb3+ 54. Kg2 Rb2+ 55. Kg1 Kf3 56. g5 Rb1+ 57. Kh2 Rb2+ 58. Kh3 Rb1 59.
Rf6+ Ke4 60. Kg4 Kd5 1-0

[Event "TCh-TUR 2014"]
[Site "Konya TUR"]
[Date "2014.06.23"]
[Round "1.3"]
[White "Volkov, Sergey"]
[Black "Rzayev, Bahruz"]
[Result "1/2-1/2"]
[WhiteTitle "GM"]
[BlackTitle "IM"]
[WhiteElo "2579"]
[BlackElo "2425"]
[WhiteTeam "Kocaeli Buyuksehir Belediyesi Kagit Spor"]
[BlackTeam "Salihli Sardes Spor Kulubu"]
[WhiteFideId "4122763"]
[BlackFideId "13403036"]
[EventDate "2014.06.23"]

1. d4 d5 2. c4 c6 3. e3 Nf6 4. Qc2 g6 5. Nf3 Bg7 6. Bd3 O-O 7. O-O Nbd7 8. Nc3
Re8 9. Bd2 e5 10. cxd5 Nxd5 11. a3 exd4 12. Nxd5 cxd5 13. Nxd4 Nf8 14. Bc3 Ne6
15. Ne2 Bd7 16. Bxg7 Kxg7 17. Qb3 Bc6 18. Rfd1 Qa5 19. Qa2 Qb6 20. b4 a6 21.
Qb2+ f6 22. a4 Rad8 23. b5 axb5 24. axb5 Bd7 25. h3 Ra8 26. Rxa8 Rxa8 27. Bc4
Bc6 28. Bxd5 Qxb5 29. Qxb5 Bxb5 30. Nc3 Bd7 31. Bxb7 Rd8 32. Rd6 Kf7 33. Bd5 Ke7
34. Ra6 Nc5 35. Ra7 Kd6 36. Bf3 f5 37. h4 Rb8 38. Ra1 Be6 39. Ne2 Bc4 40. Rd1+
Kc7 41. Nf4 Ba2 42. Kh2 Rd8 43. Rc1 Kb6 44. Kg3 Rd2 45. Rc3 Bf7 46. Nh3 h6 47.
Ra3 Ra2 48. Rc3 Rd2 49. Rc1 Ba2 50. Kh2 Bf7 51. Rb1+ Kc7 52. Rb5 Rc2 53. Ra5 Kd6
54. Ra7 Nd7 55. Ra6+ Ke7 56. h5 g5 57. Rxh6 g4 58. Bd1 Rd2 59. Ng5 Rxd1 60. Rh7
Kf6 61. Nxf7 Nf8 62. Rh6+ Kxf7 63. Kg3 Ne6 64. e4 fxe4 65. Kxg4 Rd2 1/2-1/2

[Event "TCh-TUR 2014"]
[Site "Konya TUR"]
[Date "2014.06.23"]
[Round "1.3"]
[White "Rzayev, Askar Aliakbar"]
[Black "Yeke, Serkan"]
[Result "1/2-1/2"]
[BlackTitle "FM"]
[WhiteElo "2148"]
[BlackElo "2235"]
[WhiteTeam "Salihli Sardes Spor Kulubu"]
[BlackTeam "Kocaeli Buyuksehir Belediyesi Kagit Spor"]
[WhiteFideId "13405039"]
[BlackFideId "6301142"]
[EventDate "2014.06.23"]

1. d4 d5 2. Bg5 f6 3. Bf4 c5 4. e3 Bf5 5. Nf3 Nc6 6. Bd3 Bxd3 7. Qxd3 e6 8. O-O
Bd6 9. dxc5 Bxc5 10. e4 Nge7 11. c3 e5 12. Be3 Bxe3 13. Qxe3 dxe4 14. Qxe4 Qd5
15. Nbd2 O-O 16. Rfd1 Rfd8 17. Qc2 Rac8 18. Ne4 Nd4 19. Nxd4 exd4 20. Qe2 Nc6
21. Qg4 Qe5 22. cxd4 Nxd4 23. Nc3 b5 24. Re1 Qc5 25. Rad1 f5 26. Qg5 h6 27. Qh5
b4 28. Ne2 Nc2 29. Rf1 Qc4 30. Ng3 f4 31. Nf5 Qe6 32. Qg4 g5 33. h4 Rf8 34. Ne3
Qxg4 35. Nxg4 h5 36. Ne5 Rf5 37. Nf3 g4 38. Ng5 g3 39. Rc1 Ra5 40. a3 bxa3 41.
bxa3 Rxa3 42. fxg3 fxg3 43. Rf5 Ra1 44. Rxa1 Nxa1 45. Ne4 Rc1+ 46. Rf1 Nb3 47.
Rxc1 Nxc1 48. Kf1 a5 49. Ke1 Nd3+ 50. Kd2 Nf4 51. Nxg3 1/2-1/2

[Event "TCh-TUR 2014"]
[Site "Konya TUR"]
[Date "2014.06.23"]
[Round "1.3"]
[White "Ari, Zeki"]
[Black "Celiker, Yakup"]
[Result "1-0"]
[WhiteTitle "FM"]
[WhiteElo "2205"]
[BlackElo "2116"]
[WhiteTeam "Kocaeli Buyuksehir Belediyesi Kagit Spor"]
[BlackTeam "Salihli Sardes Spor Kulubu"]
[WhiteFideId "6300421"]
[BlackFideId "6302025"]
[EventDate "2014.06.23"]

1. Nf3 Nf6 2. c4 g6 3. Nc3 Bg7 4. e4 d6 5. d4 O-O 6. Be2 c6 7. Bf4 Nh5 8. Bg5 h6
9. Be3 e5 10. Qd2 Kh7 11. O-O Nd7 12. Rfd1 Qe7 13. dxe5 dxe5 14. Qd6 Qxd6 15.
Rxd6 Nf4 16. Bf1 Re8 17. Rad1 Nf8 18. h3 g5 19. Kh2 N8g6 20. a3 g4 21. Ng1 gxh3
22. g3 Ne6 23. Bxh3 Bf8 24. R6d2 Be7 25. Nf3 Bf6 26. Bf5 Kg7 27. Rh1 Ne7 28. Bh3
Ng6 29. Kg1 Rh8 30. Bf5 Ne7 31. g4 Nxf5 32. exf5 Ng5 33. Nxg5 hxg5 34. Rxh8 Kxh8
35. Ne4 Kg7 36. Rd6 Be7 37. f6+ Bxf6 38. Nxf6 Be6 39. Nh5+ Kg6 40. f3 a5 41. Kf2
a4 42. Bb6 Kh7 43. c5 Kg6 44. Ke3 Re8 45. Rd8 Rxd8 46. Bxd8 f5 47. gxf5+ Bxf5
48. Ng3 Bh3 49. Ne4 g4 50. Nf2 Kf7 51. fxg4 Bg2 52. Ne4 Ke6 53. Nc3 Bh3 54. g5
Bf5 55. Bf6 Bc2 56. Kd2 Bb3 57. Kd3 Kf5 58. Ke3 Bc2 59. Bd8 Ke6 60. Kf3 Kf5 61.
Bf6 Bb3 62. Ke3 Bc2 63. Be7 Ke6 64. Bd8 Kf5 65. Bc7 Kxg5 66. Bxe5 Kf5 67. Kd4
Ke6 68. Ne4 Kd7 69. Nd6 Kc7 70. Kc3 Bd1 71. Kb4 Kb8 72. Nc4+ Ka7 73. Nb6 Ka6 74.
Nxa4 Be2 75. Nb6 Bf1 76. a4 Be2 77. Bc7 Bf1 78. Nd7 Bh3 79. Ne5 Bf5 80. Bb6 Be6
81. Ka3 Bb3 82. Bc7 Be6 83. b4 Ka7 84. b5 cxb5 85. axb5 Bd5 86. Kb4 Bg2 87. Ka5
Bd5 88. Nd7 Bf3 89. Bb8+ Ka8 90. Kb6 Bg4 91. c6 bxc6 92. bxc6 Bf3 93. Kc7 1-0